000 02367cam a22005174i 4500
003 PE-LiUPU
005 20250731180108.0
008 150623s r 000 0 d
020 _a997275300X
035 _a(Sirsi) i9789972753008
040 _aPE-LiUPU
_bspa
_cPE-LiUPU
_erda
049 _aPRUA
082 0 4 _a510.07
_bL66
_221
100 1 _aLima, Elon Lages,
_eautor.
245 1 0 _aMi profesor de matemática y otras historias /
_cElon Lages Lima.
264 1 _aLima :
_bUniversidad Nacional de Ingeniería,
_c1998.
300 _a205 páginas :
_bilustraciones, gráficos ;
_c22 centímetros
336 _atext
_2rdacontent
337 _aunmediated
_2rdamedia
338 _avolume
_2rdacarrier
490 0 _aLa Enseñanza Matemática
505 0 _aMi profesor de matemática. -La ecuación de tercer grado. -Sobre la evolución de algunas ideas matemáticas. -Malba Tahan y las esclavas de ojos azules. -Manía de Pitágoras. -Cómo abrir un túnel si usted sabe geometría.-El teorema de Euler sobre poliedros. -Demostración del teorema de Euler para poliedros convexos. -Aún más sobre el teorema de Euler para poliedros convexos. -Cómo calcular el área de un polígono si usted sabe contar. -Haciendo medias. -Magnitudes proporcionales. -Comentarios sobre un libro. -Conceptos y controversias. -¿Es el cero un número natural?. -¿Porqué (-1)(-1) = 1?. -¿Cuál es el valor de 0º?. -¿Cuál es la diferencia entre círculo y circunferencia?. -¿Qué significa la igualdad 1/9 = 0,111..?. -Dudas sobre expresiones decimales. -Volviendo.
526 _aSEG44
526 _aSEG26
526 _aP159
526 _aP155
526 _aP154
526 _aP153
526 _aP150
526 _aP100
526 _aP31
526 _aP30
526 _aP26
526 _aP25
526 _aP24
526 _aP22
526 _aP15
526 _aP10
650 0 4 _aMatemáticas
_xEstudio y enseñanza.
942 _2ddc
_cBOOK
949 _a510.07 L66
_wDEWEY
_c1
_i45511
_lCCODEBUL1
_mBUL
_r0
_sY
_tBOOK
_u2015-6-24
_xINGENIERIA
_zUNKNOWN
_0COMPRA
_o.STAFF. Colección General
994 _aC0
_bPEPRU
596 _a1
999 _a510.07 L66
_wDEWEY
_c22372
_i45511
_f2021-11-5
_g7
_lCCODEBUL1
_mBUL
_r0
_sY
_tBOOK
_u2015-6-24
_xBIBLIOTECA
_zUNKNOWN
_0COMPRA
_o.STAFF. Colección General
_d22372
980 _81
_gALBERTO SANCHEZ Responsable de Automatización